Gaming Quiz

Random Gaming or Nintendo Quiz

Smash bros. charaters Quiz Stats

 Plays Quiz not verified by Sporcle

Challenge
Share
Tweet
Embed
Score 0/48 Timer 10:00
0 Plays Today
Hint Answer % Correct
mariomario
100%
marioluigi
92.9%
mariopeach
71.4%
marioyoshi
46.4%
pokemonpikachu
39.3%
mariobowser
37.5%
kirbykirby
37.5%
sonic the hedgehogsonic
37.5%
pac-manpac man
35.7%
mariodr. mario
33.9%
starfoxfox
33.9%
donkey kongdonkey kong
33.9%
legend of zeldalink
33.9%
donkey kongdiddy kong
32.1%
mariowario
28.6%
kid icaruspit
26.8%
f zerocaptain falcon
26.8%
starfoxfalco
26.8%
starfoxwolf
26.8%
eathboundness
25%
kirbyking dedede
25%
fire emblemmarth
25%
kid icaruspalutena
23.2%
kid icarusdark pit
23.2%
Hint Answer % Correct
pokemonmewtwo
23.2%
legend of zeldazelda
23.2%
pikminolimar or alph & pikmin
21.4%
pokemonpichu
21.4%
pokemoncharizard
21.4%
legend of zeldatoon link
21.4%
ice climbersnana & popo
19.6%
legend of zeldaganondorf
19.6%
game & watchmr. game & watch
19.6%
duck huntduck hunt
19.6%
mike tyson's punch out!!!little mac
19.6%
mii universemii fighters
17.9%
xenoblade chironiclesshulk
17.9%
fire emblemike
17.9%
fire emblemrobin
17.9%
fire emblemlucina
17.9%
pokemonivysaur
17.9%
pokemonsquirtle
17.9%
pokemonpokemon trainer
17.9%
legend of zeldayoung link
17.9%
pokemonlucario
16.1%
pokemongreninja
16.1%
mario galaxy 2 rosalina & luma
16.1%
mariobowser jr. or koopalings
14.3%

You're not logged in!

Compare scores with friends on all Sporcle quizzes.
Join for Free
OR
Log In

You Might Also Like...

Show Comments

Extras

Top Quizzes Today


Score Distribution

Your Account Isn't Verified!

In order to create a playlist on Sporcle, you need to verify the email address you used during registration. Go to your Sporcle Settings to finish the process.

Report this User

Report this user for behavior that violates our Community Guidelines.

Details: